[Event "DVM U20 2022"]
[Site "Münster GER"]
[Date "2022.12.30"]
[Round "7"]
[White "Pralle, Finnegan"]
[Black "Weidemann, Jakob"]
[Result "1/2-1/2"]
[Termination "normal"]
[Board "8.1"]
[WhiteElo "1915"]
[BlackElo "2169"]
[WhiteClock "00:32:25"]
[BlackClock "00:06:03"]
[WhiteTeam "Biebertaler Schachfreunde"]
[BlackTeam "Schachklub Münster 32 e. V."]
[PlyCount "114"]
[WhiteFideId "12986615"]
[BlackFideId "16255470"]
[EventCountry "GER"]
[EventRounds "7"]
[EventType "team-swiss"]
[EventDate "2022.12.26"]

1. e4 {[%clk 01:30:57]} {[%emt 00:00:03]} c5 {[%clk 01:30:53]} {[%emt
00:00:07]} 2. Nc3 {[%clk 01:31:23]} {[%emt 00:00:04]} Nc6 {[%clk 01:31:14]}
{[%emt 00:00:07]} 3. d3 {[%clk 01:31:48]} {[%emt 00:00:06]} g6 {[%clk
01:31:31]} {[%emt 00:00:12]} 4. Be3 {[%clk 01:32:13]} {[%emt 00:00:06]} d6
{[%clk 01:31:52]} {[%emt 00:00:08]} 5. g3 {[%clk 01:32:36]} {[%emt 00:00:07]}
Bg7 {[%clk 01:32:11]} {[%emt 00:00:11]} 6. Bg2 {[%clk 01:33:01]} {[%emt
00:00:05]} e6 {[%clk 01:32:25]} {[%emt 00:00:16]} 7. Qd2 {[%clk 01:33:09]}
{[%emt 00:00:22]} Nge7 {[%clk 01:32:43]} {[%emt 00:00:12]} 8. Bh6 {[%clk
01:32:18]} {[%emt 00:01:21]} O-O {[%clk 01:33:03]} {[%emt 00:00:10]} 9. h4
{[%clk 01:32:37]} {[%emt 00:00:11]} Bxh6 {[%clk 01:33:08]} {[%emt 00:00:25]}
10. Qxh6 {[%clk 01:33:02]} {[%emt 00:00:05]} f6 {[%clk 01:33:16]} {[%emt
00:00:22]} 11. Nge2 {[%clk 01:31:51]} {[%emt 00:01:40]} Rb8 {[%clk 01:30:28]}
{[%emt 00:03:18]} 12. Qd2 {[%clk 01:27:08]} {[%emt 00:05:13]} Kg7 {[%clk
01:23:24]} {[%emt 00:07:34]} 13. Nf4 {[%clk 01:20:14]} {[%emt 00:07:24]} h6
{[%clk 01:20:05]} {[%emt 00:03:49]} 14. Nce2 {[%clk 01:17:58]} {[%emt
00:02:46]} e5 {[%clk 01:10:31]} {[%emt 00:10:04]} 15. Nh3 {[%clk 01:15:33]}
{[%emt 00:02:54]} d5 {[%clk 01:02:04]} {[%emt 00:08:57]} 16. exd5 {[%clk
01:14:46]} {[%emt 00:01:17]} Nxd5 {[%clk 01:02:06]} {[%emt 00:00:28]} 17. Nc3
{[%clk 01:11:40]} {[%emt 00:03:36]} Nxc3 {[%clk 00:55:13]} {[%emt 00:07:22]}
18. bxc3 {[%clk 01:10:32]} {[%emt 00:01:39]} Be6 {[%clk 00:52:22]} {[%emt
00:03:21]} 19. O-O {[%clk 01:09:29]} {[%emt 00:01:33]} Qd7 {[%clk 00:48:07]}
{[%emt 00:04:44]} 20. Kh2 {[%clk 01:09:52]} {[%emt 00:00:08]} Rbd8 {[%clk
00:48:01]} {[%emt 00:00:36]} 21. Qe3 {[%clk 01:09:20]} {[%emt 00:01:02]} b6
{[%clk 00:47:02]} {[%emt 00:01:30]} 22. f4 {[%clk 01:08:17]} {[%emt 00:01:32]}
Bd5 {[%clk 00:44:47]} {[%emt 00:02:45]} 23. Rae1 {[%clk 01:05:54]} {[%emt
00:02:53]} Bxg2 {[%clk 00:41:23]} {[%emt 00:03:54]} 24. Kxg2 {[%clk 01:06:18]}
{[%emt 00:00:06]} Rfe8 {[%clk 00:40:14]} {[%emt 00:01:39]} 25. Qf3 {[%clk
01:02:01]} {[%emt 00:04:46]} exf4 {[%clk 00:36:16]} {[%emt 00:04:28]} 26. Nxf4
{[%clk 01:00:24]} {[%emt 00:02:07]} Qd6 {[%clk 00:25:03]} {[%emt 00:11:43]} 27.
Rxe8 {[%clk 00:31:17]} {[%emt 00:29:37]} Rxe8 {[%clk 00:25:23]} {[%emt
00:00:10]} 28. Rf2 {[%clk 00:31:36]} {[%emt 00:00:10]} Ne5 {[%clk 00:23:53]}
{[%emt 00:02:00]} 29. Qb7 {[%clk 00:31:19]} {[%emt 00:00:48]} Re7 {[%clk
00:24:10]} {[%emt 00:00:13]} 30. Qd5 {[%clk 00:31:32]} {[%emt 00:00:17]} Qxd5
{[%clk 00:22:40]} {[%emt 00:02:00]} 31. Nxd5 {[%clk 00:31:57]} {[%emt
00:00:05]} Re6 {[%clk 00:21:30]} {[%emt 00:01:40]} 32. Re2 {[%clk 00:31:46]}
{[%emt 00:00:41]} Kf7 {[%clk 00:20:06]} {[%emt 00:01:55]} 33. Nf4 {[%clk
00:30:16]} {[%emt 00:02:00]} Rd6 {[%clk 00:19:30]} {[%emt 00:01:06]} 34. Re4
{[%clk 00:29:18]} {[%emt 00:01:28]} g5 {[%clk 00:15:07]} {[%emt 00:04:53]} 35.
hxg5 {[%clk 00:28:15]} {[%emt 00:01:32]} hxg5 {[%clk 00:15:25]} {[%emt
00:00:12]} 36. Ne2 {[%clk 00:28:36]} {[%emt 00:00:08]} Re6 {[%clk 00:13:21]}
{[%emt 00:02:35]} 37. d4 {[%clk 00:26:01]} {[%emt 00:03:06]} Nc4 {[%clk
00:13:40]} {[%emt 00:00:11]} 38. Rxe6 {[%clk 00:26:09]} {[%emt 00:00:22]} Kxe6
{[%clk 00:14:01]} {[%emt 00:00:08]} 39. Kf3 {[%clk 00:26:20]} {[%emt 00:00:19]}
f5 {[%clk 00:13:01]} {[%emt 00:01:30]} 40. g4 {[%clk 00:20:32]} {[%emt
00:06:19]} fxg4 {[%clk 00:09:44]} {[%emt 00:03:47]} 41. Kxg4 {[%clk 00:20:50]}
{[%emt 00:00:11]} Kd5 {[%clk 00:08:09]} {[%emt 00:02:05]} 42. Kxg5 {[%clk
00:18:48]} {[%emt 00:02:31]} Ne3 {[%clk 00:08:05]} {[%emt 00:00:34]} 43. Kf6
{[%clk 00:14:46]} {[%emt 00:04:32]} Nxc2 {[%clk 00:06:45]} {[%emt 00:01:50]}
44. dxc5 {[%clk 00:15:03]} {[%emt 00:00:14]} bxc5 {[%clk 00:03:58]} {[%emt
00:03:16]} 45. Ke7 {[%clk 00:12:52]} {[%emt 00:02:41]} a5 {[%clk 00:23:33]}
{[%emt 00:10:55]} 46. a4 {[%clk 00:40:41]} {[%emt 00:02:41]} Na1 {[%clk
00:22:54]} {[%emt 00:01:08]} 47. Nf4 {[%clk 00:37:51]} {[%emt 00:03:21]} Ke4
{[%clk 00:20:48]} {[%emt 00:02:36]} 48. Kd6 {[%clk 00:35:56]} {[%emt 00:02:25]}
Nb3 {[%clk 00:18:04]} {[%emt 00:03:13]} 49. Nd5 {[%clk 00:34:35]} {[%emt
00:01:51]} Kd3 {[%clk 00:08:03]} {[%emt 00:10:32]} 50. Kc6 {[%clk 00:31:18]}
{[%emt 00:03:46]} Kc4 {[%clk 00:07:23]} {[%emt 00:01:10]} 51. Kd6 {[%clk
00:31:43]} {[%emt 00:00:05]} Nd2 {[%clk 00:04:22]} {[%emt 00:03:30]} 52. Nb6
{[%clk 00:30:44]} {[%emt 00:01:29]} Kxc3 {[%clk 00:04:29]} {[%emt 00:00:23]}
53. Kxc5 {[%clk 00:31:09]} {[%emt 00:00:06]} Nb3 {[%clk 00:04:43]} {[%emt
00:00:15]} 54. Kb5 {[%clk 00:31:27]} {[%emt 00:00:12]} Kd4 {[%clk 00:05:06]}
{[%emt 00:00:07]} 55. Nc4 {[%clk 00:31:42]} {[%emt 00:00:16]} Nc5 {[%clk
00:05:27]} {[%emt 00:00:09]} 56. Kxa5 {[%clk 00:32:03]} {[%emt 00:00:10]} Kxc4
{[%clk 00:05:40]} {[%emt 00:00:17]} 57. Kb6 {[%clk 00:32:25]} {[%emt 00:00:07]}
Nxa4 {[%clk 00:06:03]} {[%emt 00:00:06]} 1/2-1/2

[Event "DVM U20 2022"]
[Site "Münster GER"]
[Date "2022.12.30"]
[Round "7"]
[White "Kamp, Adrian"]
[Black "Engländer, Leon Arne"]
[Result "1-0"]
[Termination "normal"]
[Board "8.2"]
[WhiteElo "1979"]
[BlackElo "1772"]
[WhiteClock "00:32:36"]
[BlackClock "00:26:48"]
[WhiteTeam "Schachklub Münster 32 e. V."]
[BlackTeam "Biebertaler Schachfreunde"]
[PlyCount "107"]
[WhiteFideId "16222466"]
[BlackFideId "12997226"]
[EventCountry "GER"]
[EventRounds "7"]
[EventType "team-swiss"]
[EventDate "2022.12.26"]

1. e4 {[%clk 01:30:44]} {[%emt 00:00:15]} e5 {[%clk 01:30:55]} {[%emt
00:00:06]} 2. Nf3 {[%clk 01:31:06]} {[%emt 00:00:08]} Nc6 {[%clk 01:31:15]}
{[%emt 00:00:09]} 3. d4 {[%clk 01:31:25]} {[%emt 00:00:11]} exd4 {[%clk
01:31:36]} {[%emt 00:00:10]} 4. Bc4 {[%clk 01:30:46]} {[%emt 00:01:09]} Nf6
{[%clk 01:31:31]} {[%emt 00:00:35]} 5. e5 {[%clk 01:30:54]} {[%emt 00:00:21]}
d5 {[%clk 01:31:25]} {[%emt 00:00:36]} 6. Bb5 {[%clk 01:31:09]} {[%emt
00:00:14]} Ne4 {[%clk 01:31:29]} {[%emt 00:00:26]} 7. Nxd4 {[%clk 01:31:12]}
{[%emt 00:00:27]} Bc5 {[%clk 01:30:52]} {[%emt 00:01:07]} 8. Be3 {[%clk
01:31:31]} {[%emt 00:00:10]} O-O {[%clk 01:30:19]} {[%emt 00:01:03]} 9. Nxc6
{[%clk 01:31:40]} {[%emt 00:00:21]} bxc6 {[%clk 01:25:02]} {[%emt 00:05:48]}
10. Bxc5 {[%clk 01:31:58]} {[%emt 00:00:12]} Nxc5 {[%clk 01:22:57]} {[%emt
00:02:35]} 11. Bxc6 {[%clk 01:32:11]} {[%emt 00:00:16]} Rb8 {[%clk 01:21:06]}
{[%emt 00:02:21]} 12. Qxd5 {[%clk 01:27:52]} {[%emt 00:04:49]} Qxd5 {[%clk
01:19:57]} {[%emt 00:01:40]} 13. Bxd5 {[%clk 01:28:12]} {[%emt 00:00:10]} Rxb2
{[%clk 01:19:37]} {[%emt 00:00:50]} 14. Na3 {[%clk 01:27:05]} {[%emt 00:01:36]}
Be6 {[%clk 01:06:27]} {[%emt 00:13:40]} 15. O-O-O {[%clk 01:17:41]} {[%emt
00:09:55]} Rb4 {[%clk 01:04:31]} {[%emt 00:02:25]} 16. f3 {[%clk 01:05:34]}
{[%emt 00:12:37]} Rfb8 {[%clk 00:58:06]} {[%emt 00:06:55]} 17. Rhe1 {[%clk
01:03:27]} {[%emt 00:02:38]} Na4 {[%clk 00:39:54]} {[%emt 00:18:42]} 18. Bxe6
{[%clk 00:59:48]} {[%emt 00:04:09]} fxe6 {[%clk 00:40:07]} {[%emt 00:00:17]}
19. Rd3 {[%clk 00:59:38]} {[%emt 00:00:39]} Nb6 {[%clk 00:30:59]} {[%emt
00:09:38]} 20. Rb3 {[%clk 00:53:21]} {[%emt 00:06:48]} Nd5 {[%clk 00:30:14]}
{[%emt 00:01:16]} 21. Rd1 {[%clk 00:49:30]} {[%emt 00:04:21]} Kf7 {[%clk
00:26:48]} {[%emt 00:03:55]} 22. Nb1 {[%clk 00:46:30]} {[%emt 00:03:30]} c5
{[%clk 00:25:54]} {[%emt 00:01:25]} 23. Rxb4 {[%clk 00:43:16]} {[%emt
00:03:44]} Rxb4 {[%clk 00:26:05]} {[%emt 00:00:19]} 24. g3 {[%clk 00:38:18]}
{[%emt 00:05:27]} Kg6 {[%clk 00:21:02]} {[%emt 00:05:33]} 25. Rd3 {[%clk
00:34:57]} {[%emt 00:03:51]} Kf5 {[%clk 00:20:07]} {[%emt 00:01:26]} 26. f4
{[%clk 00:33:35]} {[%emt 00:01:52]} h6 {[%clk 00:18:48]} {[%emt 00:01:49]} 27.
Nc3 {[%clk 00:33:10]} {[%emt 00:00:54]} Nxc3 {[%clk 00:16:00]} {[%emt
00:03:19]} 28. Rxc3 {[%clk 00:33:32]} {[%emt 00:00:08]} c4 {[%clk 00:16:22]}
{[%emt 00:00:08]} 29. Ra3 {[%clk 00:32:19]} {[%emt 00:01:42]} g5 {[%clk
00:14:54]} {[%emt 00:01:59]} 30. fxg5 {[%clk 00:24:46]} {[%emt 00:08:03]} hxg5
{[%clk 00:15:15]} {[%emt 00:00:09]} 31. Rxa7 {[%clk 00:25:10]} {[%emt
00:00:06]} Kxe5 {[%clk 00:15:39]} {[%emt 00:00:06]} 32. Ra5 {[%clk 00:25:33]}
{[%emt 00:00:06]} Kf6 {[%clk 00:15:17]} {[%emt 00:00:52]} 33. c3 {[%clk
00:18:53]} {[%emt 00:07:11]} Rb8 {[%clk 00:14:57]} {[%emt 00:00:49]} 34. h4
{[%clk 00:18:56]} {[%emt 00:00:27]} gxh4 {[%clk 00:15:04]} {[%emt 00:00:23]}
35. gxh4 {[%clk 00:19:20]} {[%emt 00:00:06]} Rh8 {[%clk 00:15:09]} {[%emt
00:00:25]} 36. h5 {[%clk 00:19:38]} {[%emt 00:00:12]} e5 {[%clk 00:15:26]}
{[%emt 00:00:13]} 37. h6 {[%clk 00:19:53]} {[%emt 00:00:15]} Kf5 {[%clk
00:15:16]} {[%emt 00:00:40]} 38. Ra6 {[%clk 00:19:32]} {[%emt 00:00:51]} Ke4
{[%clk 00:14:13]} {[%emt 00:01:34]} 39. Kd2 {[%clk 00:17:40]} {[%emt 00:02:22]}
Rd8 {[%clk 00:13:57]} {[%emt 00:00:46]} 40. Ke2 {[%clk 00:17:05]} {[%emt
00:01:05]} Rd3 {[%clk 00:13:34]} {[%emt 00:00:52]} 41. Rc6 {[%clk 00:12:00]}
{[%emt 00:05:36]} Rxc3 {[%clk 00:08:18]} {[%emt 00:05:47]} 42. h7 {[%clk
00:11:31]} {[%emt 00:00:59]} Rc2 {[%clk 00:08:24]} {[%emt 00:00:23]} 43. Kf1
{[%clk 00:11:55]} {[%emt 00:00:06]} Rh2 {[%clk 00:07:29]} {[%emt 00:01:26]} 44.
Rxc4 {[%clk 00:12:09]} {[%emt 00:00:16]} Kd3 {[%clk 00:05:14]} {[%emt
00:02:45]} 45. Rc7 {[%clk 00:12:09]} {[%emt 00:00:30]} e4 {[%clk 00:04:25]}
{[%emt 00:01:20]} 46. Rd7 {[%clk 00:07:39]} {[%emt 00:05:00]} Ke3 {[%clk
00:27:59]} {[%emt 00:06:56]} 47. a4 {[%clk 00:35:21]} {[%emt 00:02:47]} Rh6
{[%clk 00:26:09]} {[%emt 00:02:20]} 48. a5 {[%clk 00:31:22]} {[%emt 00:04:31]}
Rf6 {[%clk 00:26:30]} {[%emt 00:00:09]} 49. Kg2 {[%clk 00:31:35]} {[%emt
00:00:16]} Rg6 {[%clk 00:25:51]} {[%emt 00:01:09]} 50. Kh3 {[%clk 00:31:31]}
{[%emt 00:00:34]} Rh6 {[%clk 00:26:13]} {[%emt 00:00:09]} 51. Kg4 {[%clk
00:31:52]} {[%emt 00:00:10]} Kf2 {[%clk 00:26:13]} {[%emt 00:00:30]} 52. Rf7
{[%clk 00:32:11]} {[%emt 00:00:10]} Ke2 {[%clk 00:26:26]} {[%emt 00:00:17]} 53.
a6 {[%clk 00:32:17]} {[%emt 00:00:24]} e3 {[%clk 00:26:48]} {[%emt 00:00:09]}
54. a7 {[%clk 00:32:36]} {[%emt 00:00:11]} 1-0

[Event "DVM U20 2022"]
[Site "Münster GER"]
[Date "2022.12.30"]
[Round "7"]
[White "Peschel, Julia"]
[Black "Schröder, Lennart"]
[Result "0-1"]
[Termination "normal"]
[Board "8.3"]
[WhiteElo "1534"]
[BlackElo "2011"]
[WhiteClock "00:09:46"]
[BlackClock "01:13:05"]
[WhiteTeam "Biebertaler Schachfreunde"]
[BlackTeam "Schachklub Münster 32 e. V."]
[PlyCount "62"]
[WhiteFideId "16255593"]
[BlackFideId "16222490"]
[EventCountry "GER"]
[EventRounds "7"]
[EventType "team-swiss"]
[EventDate "2022.12.26"]

1. e4 {[%clk 01:30:59]} {[%emt 00:00:01]} c5 {[%clk 01:30:52]} {[%emt
00:00:08]} 2. c3 {[%clk 01:31:24]} {[%emt 00:00:05]} Nf6 {[%clk 01:31:12]}
{[%emt 00:00:10]} 3. e5 {[%clk 01:31:45]} {[%emt 00:00:10]} Nd5 {[%clk
01:31:35]} {[%emt 00:00:06]} 4. d4 {[%clk 01:32:01]} {[%emt 00:00:14]} cxd4
{[%clk 01:31:55]} {[%emt 00:00:10]} 5. Nf3 {[%clk 01:32:16]} {[%emt 00:00:15]}
Nc6 {[%clk 01:32:08]} {[%emt 00:00:17]} 6. cxd4 {[%clk 01:32:04]} {[%emt
00:00:42]} d6 {[%clk 01:32:19]} {[%emt 00:00:19]} 7. Bc4 {[%clk 01:32:16]}
{[%emt 00:00:18]} dxe5 {[%clk 01:32:36]} {[%emt 00:00:13]} 8. dxe5 {[%clk
01:30:35]} {[%emt 00:02:11]} Ndb4 {[%clk 01:32:51]} {[%emt 00:00:14]} 9. Qxd8
{[%clk 01:19:43]} {[%emt 00:11:23]} Nxd8 {[%clk 01:33:08]} {[%emt 00:00:13]}
10. Na3 {[%clk 01:17:55]} {[%emt 00:02:18]} Bg4 {[%clk 01:33:15]} {[%emt
00:00:22]} 11. Nd4 {[%clk 01:15:24]} {[%emt 00:03:02]} Ndc6 {[%clk 01:33:04]}
{[%emt 00:00:40]} 12. Nxc6 {[%clk 01:13:33]} {[%emt 00:02:20]} Nxc6 {[%clk
01:33:24]} {[%emt 00:00:11]} 13. Bf4 {[%clk 01:12:24]} {[%emt 00:01:39]} e6
{[%clk 01:32:37]} {[%emt 00:01:17]} 14. O-O {[%clk 01:05:54]} {[%emt 00:07:00]}
Bxa3 {[%clk 01:30:42]} {[%emt 00:02:25]} 15. bxa3 {[%clk 01:06:12]} {[%emt
00:00:12]} O-O {[%clk 01:30:03]} {[%emt 00:01:09]} 16. Rab1 {[%clk 01:04:41]}
{[%emt 00:02:01]} Na5 {[%clk 01:27:52]} {[%emt 00:02:41]} 17. Bd3 {[%clk
01:02:05]} {[%emt 00:03:07]} Rfd8 {[%clk 01:26:11]} {[%emt 00:02:10]} 18. Be4
{[%clk 00:57:07]} {[%emt 00:05:28]} Be2 {[%clk 01:21:38]} {[%emt 00:05:03]} 19.
Rfc1 {[%clk 00:53:51]} {[%emt 00:03:46]} Bd3 {[%clk 01:20:57]} {[%emt
00:01:11]} 20. Bxb7 {[%clk 00:49:48]} {[%emt 00:04:33]} Rab8 {[%clk 01:21:06]}
{[%emt 00:00:20]} 21. Rb4 {[%clk 00:33:20]} {[%emt 00:16:58]} Rxb7 {[%clk
01:20:47]} {[%emt 00:00:50]} 22. Be3 {[%clk 00:32:45]} {[%emt 00:01:04]} Rxb4
{[%clk 01:16:14]} {[%emt 00:05:03]} 23. axb4 {[%clk 00:33:00]} {[%emt
00:00:15]} Nc4 {[%clk 01:16:36]} {[%emt 00:00:08]} 24. Bxa7 {[%clk 00:31:46]}
{[%emt 00:01:44]} Ra8 {[%clk 01:15:33]} {[%emt 00:01:33]} 25. Bd4 {[%clk
00:25:44]} {[%emt 00:06:31]} Rxa2 {[%clk 01:15:34]} {[%emt 00:00:28]} 26. f4
{[%clk 00:24:37]} {[%emt 00:01:38]} Rc2 {[%clk 01:14:20]} {[%emt 00:01:45]} 27.
Rd1 {[%clk 00:16:22]} {[%emt 00:08:44]} Be4 {[%clk 01:13:24]} {[%emt 00:01:26]}
28. Bf2 {[%clk 00:15:22]} {[%emt 00:01:30]} Bd5 {[%clk 01:13:24]} {[%emt
00:00:29]} 29. Rb1 {[%clk 00:11:36]} {[%emt 00:04:16]} Rb2 {[%clk 01:12:51]}
{[%emt 00:01:04]} 30. Rxb2 {[%clk 00:11:13]} {[%emt 00:00:53]} Nxb2 {[%clk
01:13:12]} {[%emt 00:00:08]} 31. Kf1 {[%clk 00:09:46]} {[%emt 00:01:55]} Nd3
{[%clk 01:13:05]} {[%emt 00:00:39]} 0-1

[Event "DVM U20 2022"]
[Site "Münster GER"]
[Date "2022.12.30"]
[Round "7"]
[White "Kamp, Aaron"]
[Black "Grunwald, Jonathan"]
[Result "1-0"]
[Termination "normal"]
[Board "8.4"]
[WhiteElo "1850"]
[BlackElo "1791"]
[WhiteClock "00:01:20"]
[BlackClock "00:01:06"]
[WhiteTeam "Schachklub Münster 32 e. V."]
[BlackTeam "Biebertaler Schachfreunde"]
[PlyCount "85"]
[WhiteFideId "16231120"]
[BlackFideId "12955744"]
[EventCountry "GER"]
[EventRounds "7"]
[EventType "team-swiss"]
[EventDate "2022.12.26"]

1. e4 {[%clk 01:30:57]} {[%emt 00:00:02]} e5 {[%clk 01:30:56]} {[%emt
00:00:04]} 2. d4 {[%clk 01:31:21]} {[%emt 00:00:06]} exd4 {[%clk 01:31:23]}
{[%emt 00:00:04]} 3. Nf3 {[%clk 01:31:46]} {[%emt 00:00:05]} Nc6 {[%clk
01:31:36]} {[%emt 00:00:16]} 4. Bc4 {[%clk 01:32:03]} {[%emt 00:00:13]} Nf6
{[%clk 01:30:23]} {[%emt 00:01:44]} 5. e5 {[%clk 01:32:17]} {[%emt 00:00:15]}
d5 {[%clk 01:30:29]} {[%emt 00:00:25]} 6. Bb5 {[%clk 01:32:37]} {[%emt
00:00:09]} Ne4 {[%clk 01:30:29]} {[%emt 00:00:30]} 7. Nxd4 {[%clk 01:32:57]}
{[%emt 00:00:10]} Bd7 {[%clk 01:28:33]} {[%emt 00:02:26]} 8. Bxc6 {[%clk
01:33:14]} {[%emt 00:00:13]} bxc6 {[%clk 01:28:25]} {[%emt 00:00:38]} 9. O-O
{[%clk 01:33:34]} {[%emt 00:00:10]} Bc5 {[%clk 01:27:04]} {[%emt 00:01:51]} 10.
f3 {[%clk 01:33:31]} {[%emt 00:00:33]} Ng5 {[%clk 01:26:14]} {[%emt 00:01:20]}
11. f4 {[%clk 01:33:26]} {[%emt 00:00:34]} Ne4 {[%clk 01:24:58]} {[%emt
00:01:47]} 12. Be3 {[%clk 01:32:12]} {[%emt 00:01:43]} O-O {[%clk 01:22:40]}
{[%emt 00:02:48]} 13. Nd2 {[%clk 01:31:52]} {[%emt 00:00:50]} Bxd4 {[%clk
01:21:15]} {[%emt 00:01:56]} 14. Bxd4 {[%clk 01:31:53]} {[%emt 00:00:28]} Bf5
{[%clk 01:21:27]} {[%emt 00:00:18]} 15. Nxe4 {[%clk 01:21:30]} {[%emt
00:10:53]} Bxe4 {[%clk 01:21:30]} {[%emt 00:00:28]} 16. Qg4 {[%clk 01:21:00]}
{[%emt 00:01:00]} g6 {[%clk 00:45:30]} {[%emt 00:36:30]} 17. Rae1 {[%clk
01:11:03]} {[%emt 00:10:26]} Qc8 {[%clk 00:42:20]} {[%emt 00:03:40]} 18. Qh4
{[%clk 01:08:27]} {[%emt 00:03:06]} Qd8 {[%clk 00:35:20]} {[%emt 00:07:31]} 19.
Qh6 {[%clk 01:07:28]} {[%emt 00:01:29]} Qe7 {[%clk 00:34:24]} {[%emt 00:01:25]}
20. Re3 {[%clk 00:56:16]} {[%emt 00:11:41]} Bf5 {[%clk 00:33:31]} {[%emt
00:01:24]} 21. Rc3 {[%clk 00:42:48]} {[%emt 00:13:58]} Qb4 {[%clk 00:30:19]}
{[%emt 00:03:42]} 22. Bc5 {[%clk 00:41:24]} {[%emt 00:01:54]} Qxb2 {[%clk
00:30:15]} {[%emt 00:00:35]} 23. Bxf8 {[%clk 00:38:39]} {[%emt 00:03:15]} Rxf8
{[%clk 00:30:40]} {[%emt 00:00:05]} 24. Rxc6 {[%clk 00:24:26]} {[%emt
00:14:42]} Bxc2 {[%clk 00:30:40]} {[%emt 00:00:31]} 25. Qh3 {[%clk 00:16:12]}
{[%emt 00:08:44]} d4 {[%clk 00:26:53]} {[%emt 00:04:17]} 26. e6 {[%clk
00:08:52]} {[%emt 00:07:50]} d3 {[%clk 00:25:39]} {[%emt 00:01:45]} 27. Qe3
{[%clk 00:06:31]} {[%emt 00:02:50]} Qxa2 {[%clk 00:23:28]} {[%emt 00:02:42]}
28. e7 {[%clk 00:04:58]} {[%emt 00:02:03]} Re8 {[%clk 00:23:54]} {[%emt
00:00:05]} 29. Rxc7 {[%clk 00:04:59]} {[%emt 00:00:28]} Qe6 {[%clk 00:24:02]}
{[%emt 00:00:21]} 30. Kf2 {[%clk 00:03:44]} {[%emt 00:01:45]} Qd6 {[%clk
00:21:50]} {[%emt 00:02:42]} 31. Qe5 {[%clk 00:03:07]} {[%emt 00:01:06]} Qb6
{[%clk 00:21:36]} {[%emt 00:00:45]} 32. Kg3 {[%clk 00:02:58]} {[%emt 00:00:40]}
a5 {[%clk 00:17:28]} {[%emt 00:04:38]} 33. f5 {[%clk 00:01:55]} {[%emt
00:01:32]} f6 {[%clk 00:10:59]} {[%emt 00:07:00]} 34. Qd5 {[%clk 00:02:16]}
{[%emt 00:00:09]} Kg7 {[%clk 00:11:16]} {[%emt 00:00:13]} 35. Qd7 {[%clk
00:02:14]} {[%emt 00:00:32]} Qe3 {[%clk 00:08:13]} {[%emt 00:03:34]} 36. Rf3
{[%clk 00:02:37]} {[%emt 00:00:07]} Qg5 {[%clk 00:08:19]} {[%emt 00:00:24]} 37.
Kf2 {[%clk 00:02:42]} {[%emt 00:00:25]} Qd2 {[%clk 00:08:44]} {[%emt 00:00:05]}
38. Kg3 {[%clk 00:02:50]} {[%emt 00:00:22]} Qg5 {[%clk 00:09:09]} {[%emt
00:00:06]} 39. Kf2 {[%clk 00:02:31]} {[%emt 00:00:48]} Qd2 {[%clk 00:09:34]}
{[%emt 00:00:05]} 40. Kg1 {[%clk 00:02:38]} {[%emt 00:00:23]} Qe1 {[%clk
00:00:59]} {[%emt 00:09:05]} 41. Rf1 {[%clk 00:02:23]} {[%emt 00:00:45]} d2
{[%clk 00:01:07]} {[%emt 00:00:23]} 42. Rxc2 {[%clk 00:01:12]} {[%emt
00:01:40]} Rxe7 {[%clk 00:01:06]} {[%emt 00:00:32]} 43. Qxd2 {[%clk 00:01:20]}
{[%emt 00:00:21]} 1-0